Curso de direito constitucional positivo / (Record no. 676)
[ view plain ]
| 000 -LÍDER | |
|---|---|
| Campo Fixo de Controle | 00911nam a2200265 a 4500 |
| 001 - NÚMERO DE CONTROLE | |
| Campo de Controle | 676 |
| 003 - IDENTIFICAÇÃO DO NÚMERO DE CONTROLE | |
| Campo de Controle | BR-CuiBMT |
| 005 - DATA E HORA DA ÚLTIMA ATUALIZAÇÃO | |
| Campo de Controle | 20231113191650.0 |
| 008 - DADOS FIXOS | |
| Dados Fixos | 231113s2002 spb 001 0 por d |
| 020 ## - INTERNATIONAL STANDARD BOOK NUMBER | |
| Nº do ISBN | 8574204463 |
| 040 ## - AGÊNCIA CATALOGADORA | |
| Código da Agência Catalogadora | BR-CuiBMT |
| Agência que transcreveu o registro | BR-CuiBMT |
| 080 ## - Nº DA CLASSIFICAÇÃO DECIMAL UNIVERSAL | |
| Nº edição CDU | 2007 |
| Nº Class. CDU | 342 |
| 090 ## - NÚMERO DE CHAMADA | |
| Nº classificação | 342 |
| Cutter | S586c |
| Ano/Edição | 21. ed. |
| 100 1# - ENTRADA PRINCIPAL -- AUTOR PESSOAL | |
| Nome pessoal | Silva, José Afonso da |
| 245 10 - TÍTULO PRINCIPAL | |
| Título principal | Curso de direito constitucional positivo / |
| Indicação de responsabilidade | José Afonso da Silva |
| 250 ## - EDIÇÃO | |
| Edição | 21. ed., rev. e atual. |
| 260 ## - PUBLICAÇÃO, DISTRIBUIÇÃO, ETC. | |
| Local de publicação | São Paulo : |
| Editora | Malheiros, |
| Data | 2002. |
| 300 ## - DESCRIÇÃO FÍSICA | |
| N. páginas ou volumes | 878 p. ; |
| Dimensões | 21 cm |
| 500 ## - NOTAS GERAIS | |
| Notas gerais | "Edição, revista e atualizada nos termos da Reforma Constitucional (até a Emenda Constitucional n. 38, de 12.06.2002)." |
| 504 ## - NOTA DE BIBLIOGRAFIA, ETC. | |
| Nota de bibliografia | Inclui bibliografia e índice. |
| 650 ## - ASSUNTO TÓPICO | |
| Cabeçalho tópico ou nome geográfico | Direito constitucional |
| Subdivisão geográfica | Brasil |
| 650 ## - ASSUNTO TÓPICO | |
| Cabeçalho tópico ou nome geográfico | Direitos econômicos e sociais |
| Subdivisão geográfica | Brasil |
| 650 ## - ASSUNTO TÓPICO | |
| Cabeçalho tópico ou nome geográfico | Direitos e garantias constitucionais |
| Subdivisão geográfica | Brasil |
| 942 ## - ELEMENTOS DE ENTRADA ADICIONAIS (KOHA) | |
| Fonte de classificação ou esquema de arquivamento | Classificação Decimal Universal |
| Tipo de item do Koha | Livros |
| Estado: removido | Estado: perdido | Fonte de classificação ou esquema de arquivamento | Estado: danificado | Indisponível para empréstimo | Localização permanente | Localização atual | Data de aquisição | Total Checkouts | Número de Chamada completo | Código de barras | Date last seen | Número do exemplar | Preço efetivo a partir de | Tipo de item (Koha) |
|---|---|---|---|---|---|---|---|---|---|---|---|---|---|---|
| Classificação Decimal Universal | Biblioteca da Escola Superior de Contas do TCE/MT | Biblioteca da Escola Superior de Contas do TCE/MT | 13/11/2023 | 342 S586c 21. ed. | BIBTCEMT23110520 | 13/11/2023 | Ex. 1 | 13/11/2023 | Livros |